| 000 | 00611nam a2200229 a 4500 | ||
|---|---|---|---|
| 999 |
_c5835 _d5835 |
||
| 005 | 20200601130816.0 | ||
| 008 | 200601b ||||| |||| 00| 0 spa d | ||
| 020 | _a0030253977 | ||
| 040 |
_aCO-BoIAVH _cCO-BoIAVH |
||
| 041 | _aeng | ||
| 082 | _a595.7 | ||
| 090 |
_aLB _b05066 |
||
| 100 |
_aBorror, Donald J. _992395 |
||
| 245 | _aAn introduction to the study of insects | ||
| 250 | _a6ed. | ||
| 260 |
_aNew York _bSaunders College Publishing _c1964 |
||
| 300 | _a875 p. | ||
| 650 |
_aInsectos _zEstados Unidos _9103238 |
||
| 650 | 0 |
_aEntomología _9103239 |
|
| 942 |
_cLIBRO _03 _2ddc |
||
| 945 | _d2007-09-26 | ||